| 000 | 00797nam a2200193Ia 4500 | ||
|---|---|---|---|
| 001 | dia_6896 | ||
| 008 | 220601s9999 xx 000 0 und d | ||
| 090 | _aF 281 [19--] | ||
| 110 |
_aMéxico. Secretaría de Agricultura y Ganadería _977111 |
||
| 245 | _aCampaña Nacional de Recuperación Avícola / Subsecretaría de Ganadería | ||
| 260 | _aMéxico : Secretaría de Agricultura y Ganadería | ||
| 300 | _a4 v. | ||
| 505 | _a1. Importancia de la avicultura y principios fundamentales2. Cría de pollitos3. Manejo y alimentación de ponedoras4. Raciones alimenticias para pollitos en crecimiento, gallinas en postura y pollos en engordaÌ | ||
| 901 | _aF 281 [19--] | ||
| 902 | _aM | ||
| 905 | _a000000[19--] MX 0000000000SPA00 | ||
| 942 | _c12 | ||
| 999 |
_c209722 _d209722 |
||